000 01060cam a2200205 4500
001 ##L134448
008 060808n2006 000 0 eng u
035 _a(Sirsi) u134448
041 0 _aeng
050 0 4 _a711.1 $2 18
100 1 _aCooper, Ian
245 0 0 _aSustainable construction
_bthe policy agenda
260 0 0 _aLondon
_bThe LSE Centre for Environmental Policy and Governance
_c2006
300 _a37p.
_btables.
_c30cm.
520 _aThe LSE's SusCon project sought to examine a number of different aspects of the interrelationship between the planning system and the creation of a more sustainable built environment. This report, which was prepared for the LSE's Centre for Environmental Policy and Guidance, summarises and comments upon the SusCon project, and sets out policy agenda priorities for central, regional and local government.
651 4 _aEngland
_y886-
690 _aENVIRONMENTAL AND LAND CONSULTANCY-SUSTAINABILITY-SUSTAINABLE DEVELOPMENT
710 2 _aThe LSE Centre for Environmental Policy and Governance
_95024
942 _n0
999 _c105681
_d105681